|
|
|
|
| LEADER |
01527nam a22003017a 4500 |
| 001 |
34783 |
| 003 |
BD-DhAAL |
| 005 |
20230117132136.0 |
| 008 |
190718r20182012bg ||||| |||| 00| 0 ben d |
| 020 |
|
|
|a 9840757202
|
| 020 |
|
|
|a 9450759833
|
| 040 |
|
|
|a BD-DhAAL
|
| 041 |
|
|
|a ben
|
| 082 |
|
|
|a 491.44321
|
| 245 |
|
|
|a বাংলা একাডেমী :
|b প্রমিত বাংলা বানানের নিয়ম /
|
| 246 |
|
|
|a Bangla Academy pramita Bangla bananer niyom
|
| 260 |
|
|
|a ঢাকা :
|b বাংলা একাডেমী,
|c পরিমার্জিত সংস্করণ ২০১২ [তৃতীয় পুনঃমুদ্রণ ২০১৮]
|
| 300 |
|
|
|a ৩২ পৃষ্ঠা ;
|c ২২ সে.মি.
|
| 526 |
|
|
|a Residential Campus
GenEd (Residential Campus)
|
| 541 |
|
|
|a Development Book Agency
|e 34783, 40550
|
| 650 |
|
|
|a Bengali language
|x Orthography and spelling.
|9 32950
|
| 650 |
|
|
|a Bengali language
|x style.
|9 32951
|
| 700 |
|
|
|a আহমেদ, জালাল
|9 32952
|
| 852 |
|
|
|a Ayesha Abed Library
|c General Stacks
|
| 942 |
|
|
|2 ddc
|c BK
|
| 999 |
|
|
|c 40888
|d 40888
|
| 952 |
|
|
|0 0
|1 0
|2 ddc
|4 0
|6 491_443210000000000_BAN
|7 0
|9 65623
|a SCL
|b SCL
|c GEN
|d 2019-07-17
|e Development Book Agency
|g 20.00
|l 3
|m 2
|o 491.44321 BAN
|p 3020034783
|r 2025-07-08
|s 2025-06-25
|t 1
|v 20.00
|w 2019-07-17
|y BK
|
| 952 |
|
|
|0 0
|1 0
|2 ddc
|4 0
|6 491_443210000000000_BAN
|7 0
|9 72613
|a SCL
|b SCL
|c GEN
|d 2023-01-04
|e Development Book Agency
|g 20.00
|l 0
|o 491.44321 BAN
|p 3020040550
|r 2023-01-04
|t 2
|v 20.00
|w 2023-01-04
|y BK
|